000 00941nam0a22002291 4500
001 rc\3042204
005 20111006142601.3
035 _a(NLR Aleph) 007182350
090 _a7454359
_c7454359
100 _a20111006d1935 |||y0rusy50 ca
101 0 _arus
102 _aRU
105 _ay z |||||
200 1 _aО партийно-массовой работе первичных партийных организаций
_e[Перераб. стенограмма доклада на V пленуме Воронежск. обкома ВКП(б) 3 марта 1935 г.]
_fИ. Ярыгин
210 _a[Воронеж]
_cВоронежск. обл. книгоизд-во
_d1935
_gтип. изд-ва "Коммуна"
215 _aОбл., 56 с.
_d18х13 см
700 1 _aЯрыгин
_bИ. Г.
_gИлья Георгиевич
801 0 _aRU
_bNLR
_gpsbo
801 1 _aRU
_bELAR
_2rusmarc
852 _aNLR
_j34-9/7281
942 _cBOOK
980 _aNB